Mieszczanin w trosce o zbawienie

Titel: Mieszczanin w trosce o zbawienie : Uwagi o memoratywnych funkcjach fundacji mieszczańskich w wielkich miastach pruskich
Verfasser:
In: Ecclesia et civitas, (2002), Seite 347-359
alle Artikel anzeigen
Veröffentlicht: 2002
Format: Aufsatz
Sprache: Polnisch
Kein Bild verfügbar
X
alg: 39365729
001A    $01999:12-11-16 
001B    $01999:28-04-21 $t19:33:50.000 
001D    $01999:12-11-16 
001U    $0utf8 
001X    $00 
002@    $0Aox 
003@    $0393657299 
007A    $0393657299 $aHEB 
007T    $0Herdk22559 
010@    $apol 
011@    $a2002 
021A    $aMieszczanin w trosce o zbawienie $dUwagi o memoratywnych funkcjach fundacji mieszczańskich w wielkich miastach pruskich 
028A    $aOliński $dPiotr 
031A    $h347-359 $j2002 
039B    $aIn $8--Aau--. Ecclesia et civitas. - Warszawa : Inst. Historii Polskiej Akad. Nauk, 2002. - 534 S.. - Ill.. - ISBN 83-86301-98-8 $x200200000000000653 $9115177019 
045F    $a330.094382 $eDDC23BSB 
045F/01 $a330.09 
045F/03 $g4382 
045F/03 $g43832 
045F/03 $g43816 

lok: 39365729 78

exp: 39365729 78 1 #EPN
201B/01 $018-11-16 $t09:25:53.000 
201U/01 $0utf8 
203@/01 $0789767783 
208@/01 $a12-11-16 $be 
209A/01 $a/ $f000 $x00 
220C/01 $aTitelaufnehmer: pbb 
220C/01 $aHerkunft: IH PAN/PBB Kraków 
244Z/01 $2Trx $#Prusy Wschodnie i Zachodnie $8--Trx--Ost- und Westpreußen $x01 $939113373X 
244Z/01 $2Trx $#Pomeranija $#Pommern $#Pomoransko $#Pomořansko $#Hinterpommern;Vorpommern;Mittelpommern $#Pomorze Środkowe;Pomorze Przednie $#Pomořansko;Západní Pomořany; Pomořany $8--Trx--Pomorze Zachodnie $x02 $9391303775 
244Z/01 $aGeschichte 1000-1500 $x03 
244Z/01 $2Trx $#linnarahvastik $#miesto gyventojai $#city dwellers $#város-lakosság $#ludność miejska $#obyvateľstvo mestské $#obyvatelstvo městské $8--Trx--Stadtbevölkerung $x04 $9391353233 
244Z/01 $2Trx $8--Trx--Einzelbeiträge $x05 $9391384570 
245Z/01 $a09.01 $x01 
247C/01 $82080>Marburg/Lahn, Herder-Institut, Forschungsbibliothek, Bibliographieportal $9336309341
LEADER 00000caa a22000002c 4500
001 393657299
003 DE-603
005 20210428193350.0
007 tu
008 161112s2002 xx |||| | u00||u|pol c
035 |a (DE-599)HEB393657299 
040 |a DE-603  |b ger  |c DE-603  |d DE-603 
041 |a pol 
082 0 4 |8 1\u  |a 330.094382  |q DE-101  |2 23/BSB 
085 |8 1\u  |b 330.09 
085 |8 1\u  |z 2  |s 4382 
085 |8 1\u  |z 2  |s 43832 
085 |8 1\u  |z 2  |s 43816 
100 1 |a Oliński, Piotr 
245 0 0 |a Mieszczanin w trosce o zbawienie  |b Uwagi o memoratywnych funkcjach fundacji mieszczańskich w wielkich miastach pruskich 
264 0 |c 2002 
773 0 8 |i In  |t Ecclesia et civitas  |d Warszawa : Inst. Historii Polskiej Akad. Nauk, 2002  |h 534 S., Ill.  |z 8386301988  |g (2002), Seite 347-359  |w (DE-603)115177019 
924 0 |9 2080  |a (DE-603)789767783  |b DE-2080  |c HES  |d d  |g /